Loading...
Keralathinte moonnu dasakangal /
| Main Author: | |
|---|---|
| Format: | Printed Book |
| Language: | Malayalam |
| Published: |
Thiruvananthapuram :
Kerala Bhasha Institute ,
1988.
|
| LEADER | 00506nam a2200145Ia 4500 | ||
|---|---|---|---|
| 008 | 150624b xxu||||| |||| 00| | mal d | ||
| 082 | |a 954.83 | ||
| 100 | |a Vijayan, N. | ||
| 245 | |c N. Vijayan |a Keralathinte moonnu dasakangal / | ||
| 260 | |a Thiruvananthapuram : |b Kerala Bhasha Institute , |c 1988. | ||
| 300 | |a 214 p.. | ||
| 546 | |a In Malayalam. | ||
| 942 | |c BK | ||
| 999 | |c 81200 |d 81200 | ||
| 952 | |0 1 |1 0 |4 1 |6 954_830000000000000_VIJ_K_M |7 0 |9 81144 |a UL |b UL |c ST2 |d 1998-08-28 |l 0 |o 954.83 VIJ/K M |p 60665 |r 2012-10-27 |w 2012-10-27 |y BK | ||